000 00870pam a2200241 a 4500
001 3560890
005 20180208090520.0
008 980605s1998 gw a b 001 0 eng c
010 _a 98026176
020 _a3540641319 (acidfree paper)
040 _aDNLM/DLC
_cDLC
_dDLC
041 _aeng
060 1 0 _aWW 149
_bC189h 1998
080 _a616.9928407583 WHO
082 0 0 _a616.9928407583 WHO
_221
100 1 _a9
101 _aHIS
245 1 0 _aHistological typing of tumours of the eye and its adnexa /
_cR.J. Campbell ; in collaboration with L.H. Sobin and pathologists in 11 countries.
504 _aIncludes bibliographical references and index.
906 _a7
_bcbc
_corignew
_d1
_eocip
_f19
_gy-gencatlg
942 _2ddc
_cBK
999 _c42171
_d42171